Представление документа в формате MARC21

Поле Инд. ПП Название Значение
Тип записи a
Библиографический уровень a
001 Контрольный номер RU/IS/BASE/465574161
005 Дата корректировки 20141002140921.4
040 a Служба первич. каталог. НБ ТвГУ
b Код языка каталог. rus
e Правила каталог. PSBO
041 0_ a Код языка текста rus
098 b Факультет Филологический
c Кафедра русского языка
100 1_ a Автор Маркелова Галина Владимировна
q Полное имя Маркелова Г. В.
245 10 a Заглавие Значение работы Г. П. Уханова "Синтаксис "Хождения Афанасия Никитина за три моря" для истории русского литературного языка
260 a Место издания Тверь
b Издательство Тверской государственный университет
c Дата издания 1998
520 a Аннотация Основой синтаксической системы памятника являются конструкции, составляющие постоянное синтаксическое ядро русского языка: двусоставные предложения со спрягаемым глаголом-сказуемым, односоставные определенно-личные и неопределенно-личные и др. Анализируется синтаксис простого предложения.
653 a Ключевые слова История русского литературного языка
a Ключевые слова Никитин Афанасий
a Ключевые слова Простое предложение
a Ключевые слова Синтаксис
a Ключевые слова Труды Тверского государственного университета
a Ключевые слова Уханов Григорий Петрович
a Ключевые слова Хождение за три моря, памятник древнерусской литературы
773 08 w Контрольный № источника e15c7a87-9f21-4be4-90ad-cfa3266eca56
a Заголовок основной записи Межвузовская конф., посвящ. 80-летию со дня рождения проф. Г.П. Уханова
t Название источника Материалы межвузовской конференции, посвященной 80-летию со дня рождения профессора Г.П. Уханова
d Место и дата издания Тверь : Тверской государственный университет, 1998
g Прочая информация С. 32-34
901 t Тип документа a
920 a Оператор Батя